| 000 | 00801nam a2200217Ia 4500 | ||
|---|---|---|---|
| 008 | 100315s9999 xx 000 0 und d | ||
| 040 | _cENGLISH | ||
| 082 |
_b3688 _a331.702 |
||
| 100 | _a"Tandon,Kum Kum, Bhargava, B.P. " | ||
| 245 | _aCareer Options In Humanities & Commerce After 10+2 & Beyond What Where & Why | ||
| 250 | _a2nd | ||
| 260 |
_aNew Delhi _bCareer Option _c2000 |
||
| 300 | _a549 | ||
| 365 |
_eRupees _d1 _b160.00 |
||
| 366 | _f0 | ||
| 505 | _gTushar Jadhav | ||
| 620 | _a"Communication Design,The Fation Industry,Textile Designer,Film Making " | ||
| 630 | _aCareer Options In Humanities & Commerce After 10+2 & Beyond What Where & Why | ||
| 730 | _aCareer Options In Humanities & Commerce After 10+2 & Beyond What Where & Why | ||
| 942 | _cBOOK | ||
| 999 |
_c478423 _d478420 |
||